Tratado de química industrial

Wedi'i Gadw mewn:
Manylion Llyfryddiaeth
Prif Awdur: Ost, Hermann (autor)
Fformat: Llyfr
Iaith:Sbaeneg
Cyhoeddwyd: Barcelona Maucci 1902
Pynciau:
Tagiau: Ychwanegu Tag
Dim Tagiau, Byddwch y cyntaf i dagio'r cofnod hwn!

MARC

LEADER 00000nam a2200000 a 4500
001 UCT1339
003 CL-VaPUC
008 960927e19020000SP |||||||||||||||||spa|d
082 0 4 |a 664  |b OST  |2 21 
100 |a Ost, Hermann  |e autor  |9 370161 
245 1 0 |a Tratado de química industrial 
300 |a v 
942 |c BK 
945 |d 19960927 00:00:00  |a cmena 
260 |a Barcelona  |b Maucci  |c 1902 
650 0 |a Química  |9 259896 
650 7 |a INDUSTRIA QUIMICA  |2 CL-VaPUC  |9 370162 
650 0 |a Tecnología química   |9 263002 
650 7 |a SECTOR INDUSTRIAL  |2 CL-VaPUC  |9 346302 
650 0 |a Industria alimentaria  |9 331702 
650 7 |a TECNOLOGIA DE ALIMENTOS  |2 CL-VaPUC  |9 370163 
583 |a last modification  |c 19960927 00:00:00  |k Rodrigo Vera 
999 |c 251888  |d 251886